Najdrozsi zawodnicy serie a - Statystyki

Ogólne statystyki
  • Ten quiz został rozwiązany 33 razy
  • Średni wynik to 21 z 50
Statystyki odpowiedzi
Hint Odpowiedź % Poprawnych
90mln Leao
86%
35mln Zielinski
82%
100mln Martinez
79%
120mln Osimhen
75%
70mln Vlahovic
71%
45mln Chiesa
68%
40mln Lukaku
64%
45mln Maignan
64%
40mln Tomori
64%
75mln Barella
61%
60mln Hernandez
61%
60mln Bastoni
57%
30mln Dybala
57%
40mln Bremer
54%
85mln Kvaratskhelia
54%
25mln Pulisic
54%
40mln Thuram
54%
45mln Dimarco
50%
28mln Dumfries
50%
40mln Calhanoglu
46%
40mln Lobotka
43%
25mln Di lorenzo
39%
30mln Frattesi
39%
30mln Locatelli
39%
30mln Thiaw
39%
38mln Bennacer
36%
35mln Gonzalez
36%
40mln Rabiot
36%
35mln Abraham
32%
25mln Chukwueze
32%
25mln Kalulu
32%
25mln Loftus Cheek
32%
30mln Lookman
32%
35mln Raspadori
32%
25mln Scamacca
32%
40mln Zambo anguissa
32%
35mln Koopmeiners
29%
27mlm Kamada
25%
25mln Rrahmani
25%
40mln Scalvini
25%
25mln De ketelaere
21%
40mln Pavard
21%
30mln Pellegrini
21%
30mln Zaccagni
21%
25mln Dia
14%
26mln Elmas
14%
35mln Fagioli
11%
28mln Ndicka
11%
25mln Schuurs
11%
28mln Lindstrom
7%
Nie znaleziono quizów pasujących do podanych kryteriów
Rozkład punktacji
Procent ludzi z każdym wynikiem
Percentyl według liczby udzielonych odpowiedzi
Twoja historia wyników
Nie rozwiązałeś tego quizu